<?xml version="1.0" encoding="UTF-8"?>
<record
    xmlns:xsi="http://www.w3.org/2001/XMLSchema-instance"
    xsi:schemaLocation="http://www.loc.gov/MARC21/slim http://www.loc.gov/standards/marcxml/schema/MARC21slim.xsd"
    xmlns="http://www.loc.gov/MARC21/slim">

  <leader>01054nam a22002417a 4500</leader>
  <controlfield tag="003">UA-OsUOA</controlfield>
  <controlfield tag="001"> 47991 </controlfield>
  <controlfield tag="007">ta</controlfield>
  <controlfield tag="008">20121113b un ||||| |||| 00| 0 ukr d</controlfield>
  <datafield tag="100" ind1=" " ind2=" ">
    <subfield code="a">&#x411;&#x430;&#x436;&#x430;&#x43D;&#x441;&#x44C;&#x43A;&#x438;&#x439; &#x41C;.</subfield>
  </datafield>
  <datafield tag="090" ind1=" " ind2=" ">
    <subfield code="a">030</subfield>
    <subfield code="b">&#x411;16</subfield>
  </datafield>
  <datafield tag="942" ind1=" " ind2=" ">
    <subfield code="c">BK</subfield>
  </datafield>
  <datafield tag="040" ind1=" " ind2=" ">
    <subfield code="a">UA-OsUOA</subfield>
    <subfield code="b">ukr</subfield>
    <subfield code="c">UA-OsUOA</subfield>
    <subfield code="d">UA-OsUOA</subfield>
  </datafield>
  <datafield tag="245" ind1=" " ind2=" ">
    <subfield code="a">&#x422;&#x432;&#x43E;&#x440;&#x447;&#x438;&#x439; &#x434;&#x438;&#x43D;&#x430;&#x43C;&#x456;&#x437;&#x43C; &#x43F;&#x430;&#x442;&#x440;&#x456;&#x43E;&#x442;&#x438;&#x437;&#x43C;&#x443;</subfield>
    <subfield code="b">&#x432;&#x456;&#x434; &#x43F;&#x435;&#x440;&#x448;&#x438;&#x445; &#x43F;&#x440;&#x43E;&#x44F;&#x432;&#x456;&#x432; &#x43E;&#x440;&#x433;&#x430;&#x43D;&#x456;&#x437;&#x43E;&#x432;&#x430;&#x43D;&#x438;&#x445; &#x441;&#x443;&#x441;&#x43F;&#x456;&#x43B;&#x44C;&#x43D;&#x438;&#x445; &#x433;&#x443;&#x440;&#x442;&#x43A;&#x456;&#x432;, &#x446;&#x435;&#x440;&#x43A;&#x43E;&#x432;&#x43D;&#x438;&#x445; &#x431;&#x440;&#x430;&#x442;&#x441;&#x442;&#x432;, &#x440;&#x435;&#x43C;&#x456;&#x441;&#x43D;&#x438;&#x447;&#x438;&#x445; &#x446;&#x435;&#x445;&#x456;&#x432; - &#x430;&#x436; &#x434;&#x43E; "&#x421;&#x456;&#x447;&#x435;&#x439;", "&#x421;&#x43E;&#x43A;&#x43E;&#x43B;&#x456;&#x432;", "&#x41F;&#x440;&#x43E;&#x441;&#x432;&#x456;&#x442;", "&#x420;&#x456;&#x434;&#x43D;&#x438;&#x445; &#x448;&#x43A;&#x456;&#x43B;" &#x442;&#x430; &#x431;&#x43E;&#x439;&#x43E;&#x432;&#x438;&#x445; &#x444;&#x43E;&#x440;&#x43C;&#x430;&#x446;&#x456;&#x439; &#x456; &#x43F;&#x43E;&#x43B;&#x456;&#x442;&#x438;&#x447;&#x43D;&#x438;&#x445; &#x43F;&#x430;&#x440;&#x442;&#x456;&#x439;. &#x413;&#x430;&#x441;&#x43B;&#x43E;&#x432;&#x430; &#x435;&#x43D;&#x438;&#x446;&#x43B;&#x43E;&#x43F;&#x435;&#x434;</subfield>
  </datafield>
  <datafield tag="300" ind1=" " ind2=" ">
    <subfield code="a">253 &#x441;.</subfield>
  </datafield>
  <datafield tag="955" ind1=" " ind2=" ">
    <subfield code="a">4</subfield>
  </datafield>
  <datafield tag="041" ind1=" " ind2=" ">
    <subfield code="a">ukr</subfield>
  </datafield>
  <datafield tag="080" ind1=" " ind2=" ">
    <subfield code="a">030</subfield>
  </datafield>
  <datafield tag="260" ind1=" " ind2=" ">
    <subfield code="a">&#x414;&#x456;&#x442;&#x440;&#x43E;&#x439;&#x442;</subfield>
    <subfield code="c">1983</subfield>
  </datafield>
  <datafield tag="650" ind1=" " ind2="7">
    <subfield code="a">030 &#x417;&#x430;&#x433;&#x430;&#x43B;&#x44C;&#x43D;&#x456; &#x434;&#x43E;&#x432;&#x456;&#x434;&#x43A;&#x43E;&#x432;&#x456; &#x43F;&#x440;&#x430;&#x446;&#x456;</subfield>
    <subfield code="2">UDC</subfield>
  </datafield>
  <datafield tag="999" ind1=" " ind2=" ">
    <subfield code="c">428080</subfield>
    <subfield code="d">428080</subfield>
  </datafield>
  <datafield tag="952" ind1=" " ind2=" ">
    <subfield code="0">0</subfield>
    <subfield code="1">0</subfield>
    <subfield code="2">udc</subfield>
    <subfield code="4">0</subfield>
    <subfield code="7">0</subfield>
    <subfield code="a">300</subfield>
    <subfield code="b">300</subfield>
    <subfield code="d">2012-11-13</subfield>
    <subfield code="e">293/2012</subfield>
    <subfield code="g">1.00</subfield>
    <subfield code="i">2134076</subfield>
    <subfield code="l">0</subfield>
    <subfield code="o">030 &#x411;16</subfield>
    <subfield code="p">2134076</subfield>
    <subfield code="r">2019-09-14 00:00:00</subfield>
    <subfield code="w">2012-11-13</subfield>
    <subfield code="y">BK</subfield>
  </datafield>
</record>
